000 01171nam a2200277 i 4500
001 186491
003 SpMaBN
005 20230906222659.0
008 161117s2006 sp ao c |||| | spa d
020 _a978-84-935132-4-5 MUSAC
020 _a978-84-7506-760-5 Turner
080 _a75 Verbis, Daniel (060.64)
100 1 _aVerbis, Daniel (
_d1968-)
_9161293
245 1 0 _aMisojosentusojosderramándose
_b: Museo de Arte Contemporáneo de Castilla y León : [exposición, septiembre 2006] /
_cDaniel Verbis ; [comisario, Javier Hernando ; textos, Javier Hernando, Elena Vozmediano, Daniel Verbis].
246 3 _aMis ojos en tus ojos derramándose
260 _a[León] :
_bMUSAC ;
_a[Madrid] :
_bTurner,
_c[2006]
300 _a229 p. :
_bil. col., fot. ;
_c29 cm.
546 _aTexto paralelo en español e inglés.
600 1 7 _aVerbis, Daniel (
_d1968)-
_vExposiciones.
_9161294
655 7 _2tgfbne
_9193628
_aCatálogos de exposiciones
700 1 _aHernando, Javier.
_963089
710 2 _aMuseo de Arte Contemporáneo de Castilla y León.
_9161295
852 _aES-MaACL
_jL-30836
_z- enc. tela plata
942 _2udc
999 _c186491
_d186491